000 00720cam a22002293a 4500
001 31600
003 PGUSA
005 20140828083701.0
008 100311s2010||||xxu|||||s|||||000 | eng d
040 _aPGUSA
_beng
042 _adc
050 4 _aQA
100 1 _aFloquet, Gaston,
_d1847-1920
245 1 0 _aThèses présentées à la Faculté des Sciences de Paris pour le doctorat ès sciences mathématiques
_h[electronic resource] /
_cGaston Floquet
260 _bProject Gutenberg,
_c2010
506 _aPublic domain in the USA.
516 _aElectronic text
653 _aDifferential equations, Linear
830 0 _aProject Gutenberg
_v31600
856 4 0 _uhttp://www.gutenberg.org/ebooks/31600
942 _cEB
999 _c260855
_d260855